000 00500nam a2200169 a 4500
001 5749
003 CO-ViMGA
008 141112s2004 ck r 000 u spa d
040 _aCO-ViMGA
_bspa
_cCO-ViMGA
082 0 4 _a341.753 C656
100 1 _aColombia. Leyes y decretos
_951219
245 1 0 _aNuevo regimen de la competencia desleal, ley 256 de 1996 (enero 15)
260 _aMadellin :
_bLibreria juridica Sánchez,
_c1996
300 _a34 p
650 1 4 _aCOMPETENCIA DESLEAL
_94228
942 _2ddc
_cBK
999 _c17730
_d17730